| 000 | 00331nam a22001217a 4500 | ||
|---|---|---|---|
| 082 | _a220 PRO | ||
| 100 |
_aSHAH ALAM,MANAHIL,G ABBAS _971920 |
||
| 245 | _aPR-SOF-1394-PUBLIC HEALTH PLANNING AND MAPPING | ||
| 260 |
_aISLAMABAD _bNUST COLLEGE OF EME _c2014 |
||
| 650 | _aDE-COMP-32 | ||
| 700 |
_aDR SHOAB A KHAN _918474 |
||
| 942 | _cCR | ||
| 999 |
_c578187 _d578187 |
||